00659nam a2200169 i 450000100060000000300090000600500170001500700030003200800410003511100750007624501200015126000480027130000420031971000400036174000560040185200320045746521ES-MaACL20230906161411.0t|030331s1973 sp ||||1| spa d2 aCongreso Nacional de Anatomía Patológica (n6º. d1973. cMurcia)10aVI Congreso Nacional de Anatomía Patológica b: I Reunión conjunta con la Sociedad Española de Oncología. aMurcia : b[s.n., c1973] (fImp. Nogués) a77 p. con 1 lám. : bil. ; c19 cm.2 aSociedad Española de Oncología.0 aSexto Congreso Nacional de Anatomía Patológica. aES-MaACLjC-53670 bR.86520